[Event "World School-ch U17"]
[Site "Rhodes"]
[Date "2023.04.22"]
[Round "9"]
[White "Isfandiyarli, Kamal"]
[Black "Tarhan, Adar"]
[Result "0-1"]
[WhiteElo "1722"]
[BlackElo "2314"]
[PlyCount "78"]
[EventDate "2023.04.14"]
[EventType "swiss"]
[EventRounds "9"]
[EventCountry "GRE"]
[SourceTitle "EXT 2024"]
[Source "ChessBase"]
[SourceDate "2023.10.10"]
[SourceVersion "1"]
[SourceVersionDate "2023.10.10"]
[SourceQuality "1"]

1. d4 d5 2. c4 e6 3. Nc3 Nf6 4. cxd5 exd5 5. Bg5 c6 6. Qc2 Be7 7. e3 Nbd7 8. Bd3 Nh5 9. Bxe7 Qxe7 10. Nge2 g6 11. 0-0 0-0 12. Rae1 Ndf6 13. Nc1 Ng7 14. f3 Be6 15. Qf2 Rad8 16. Bc2 Qc7 17. Nd3 Bf5 18. Qh4 Nfe8 19. Kh1 Ne6 20. Bb1 Bxd3 21. Bxd3 f5 22. e4 g5 23. Qh5 N8g7 24. Qh6 Nf4 25. exf5 Nxd3 26. Re3 Rd6 27. Qxg5 Rxf5 28. Qh4 Nf4 29. Re7 Rd7 30. Rfe1 Ng6 31. Rxd7 Qxd7 32. Qg3 Rf8 33. Na4 b6 34. b4 c5 35. Nb2 cxb4 36. Nd3 a5 37. f4 Nh5 38. Qg5 Nhxf4 39. Ne5 Qf5 0-1

[Event "World School-ch U17"]
[Site "Rhodes"]
[Date "2023.04.17"]
[Round "4"]
[White "Vasquez Vargas, Henry Richard"]
[Black "Isfandiyarli, Kamal"]
[Result "1/2-1/2"]
[WhiteElo "2123"]
[BlackElo "1722"]
[PlyCount "116"]
[EventDate "2023.04.14"]
[EventType "swiss"]
[EventRounds "9"]
[EventCountry "GRE"]
[SourceTitle "EXT 2024"]
[Source "ChessBase"]
[SourceDate "2023.10.10"]
[SourceVersion "1"]
[SourceVersionDate "2023.10.10"]
[SourceQuality "1"]

1. d4 Nf6 2. Nc3 d5 3. Bf4 c5 4. e3 a6 5. dxc5 e6 6. Na4 Bxc5 7. Nxc5 Qa5+ 8. c3 Qxc5 9. Nf3 Nc6 10. Be2 0-0 11. 0-0 h6 12. Ne5 Nd7 13. Nxc6 bxc6 14. e4 Qe7 15. exd5 cxd5 16. c4 Bb7 17. cxd5 Bxd5 18. Bf3 Nf6 19. Be5 Rfd8 20. Qe2 Rac8 21. Rfd1 Bxf3 22. Qxf3 Nd5 23. Qe2 Qg5 24. Qe4 Nf6 25. Bxf6 Qxf6 26. Qe2 a5 27. h3 Rd5 28. Rd2 Rb8 29. Rb1 Rdb5 30. b3 a4 31. Rd3 Qe7 32. Qf3 Qa3 33. Rbd1 Rf5 34. Qg3 Rc8 35. bxa4 Qxa4 36. Rd8+ Rxd8 37. Rxd8+ Kh7 38. Qb3 Qf4 39. Qc2 g6 40. Qd2 Qxd2 41. Rxd2 Ra5 42. Kf1 Kg7 43. Ke2 Kf6 44. Kd3 Ra8 45. Kc3 g5 46. Kb2 Rb8+ 47. Ka1 Ra8 48. Rd4 Ke5 49. Rb4 Rd8 50. a4 Kd5 51. Ka2 Kc5 52. Rb2 Rd4 53. Ka3 Rd3+ 54. Rb3 Rd2 55. a5 Rd1 56. Ka2 Rd2+ 57. Ka3 Rd1 58. Ka2 Rd2+ 1/2-1/2

[Event "Chigorin Memorial 28th"]
[Site "St Petersburg"]
[Date "2021.10.23"]
[Round "1"]
[White "Yakimova, Mariya"]
[Black "Isfandiyarli, Kamal"]
[Result "1-0"]
[WhiteElo "2219"]
[BlackElo "1772"]
[PlyCount "37"]
[EventDate "2021.10.23"]
[EventType "swiss"]
[EventRounds "9"]
[EventCountry "RUS"]
[SourceTitle "EXT 2023"]
[Source "ChessBase"]
[SourceDate "2022.10.05"]
[SourceVersion "1"]
[SourceVersionDate "2022.10.05"]
[SourceQuality "1"]

1. d4 Nf6 2. c4 g6 3. Nc3 d5 4. Bf4 Bg7 5. e3 c5 6. dxc5 Qa5 7. Rc1 Ne4 8. cxd5 Nxc3 9. Qd2 Qxa2 10. Rxc3 Bxc3 11. Qxc3 Qa1+ 12. Kd2 f6 13. Nf3 0-0 14. Bh6 Rd8 15. d6 e6 16. Qxf6 Qa5+ 17. Kd3 Qb5+ 18. Ke4 Qa4+ 19. b4 1-0

[Event "Chigorin Memorial 26th"]
[Site "St Petersburg"]
[Date "2018.11.04"]
[Round "9"]
[White "Semenova, Anastasia"]
[Black "Isfandiyarli, Kamal"]
[Result "1-0"]
[WhiteElo "1769"]
[BlackElo "1597"]
[PlyCount "89"]
[EventDate "2018.10.27"]
[EventType "swiss"]
[EventRounds "9"]
[EventCountry "RUS"]
[SourceTitle "CBM 187 Extra"]
[Source "ChessBase"]
[SourceDate "2018.11.04"]
[SourceVersion "1"]
[SourceVersionDate "2018.11.04"]
[SourceQuality "1"]

1. e4 c5 2. c3 Nf6 3. e5 Nd5 4. Nf3 Nc6 5. Bc4 Nb6 6. Bb3 c4 7. Bc2 g6 8. b3 Bg7 9. bxc4 Nxc4 10. d4 d5 11. exd6 Nxd6 12. 0-0 0-0 13. Re1 Bf5 14. Bf4 Bxc2 15. Qxc2 Rc8 16. Qd3 Re8 17. Nbd2 Na5 18. Rac1 Nac4 19. Ne5 Nxd2 20. Qxd2 Nc4 21. Nxc4 Rxc4 22. Bh6 Bxh6 23. Qxh6 Qa5 24. Re3 Qxa2 25. Rh3 e6 26. Qxh7+ Kf8 27. Rf3 Rc7 28. Qh8+ Ke7 29. Qf6+ Kd7 30. Qxf7+ Re7 31. Qxg6 Qd5 32. Rf7 Qxd4 33. Rxe7+ Kxe7 34. Qg5+ Qf6 35. Qe3 a5 36. Qb6 Qf4 37. Re1 Qd6 38. Qxa5 Rc5 39. Qb4 b5 40. g3 Kd7 41. Ra1 e5 42. Ra7+ Ke6 43. Qg4+ Kf6 44. Qg7+ Kf5 45. Qh7+ 1-0

[Event "Chigorin Memorial 26th"]
[Site "St Petersburg"]
[Date "2018.11.03"]
[Round "8"]
[White "Isfandiyarli, Kamal"]
[Black "Nuritdinov, Nizomitdin"]
[Result "1/2-1/2"]
[WhiteElo "1597"]
[BlackElo "1796"]
[PlyCount "125"]
[EventDate "2018.10.27"]
[EventType "swiss"]
[EventRounds "9"]
[EventCountry "RUS"]
[SourceTitle "CBM 187 Extra"]
[Source "ChessBase"]
[SourceDate "2018.11.04"]
[SourceVersion "1"]
[SourceVersionDate "2018.11.04"]
[SourceQuality "1"]

1. d4 d5 2. c4 e6 3. cxd5 exd5 4. Nc3 c6 5. Qc2 Nf6 6. Bg5 h6 7. Bh4 Be7 8. e3 0-0 9. Bd3 Re8 10. Nf3 Ne4 11. Bxe7 Qxe7 12. Bxe4 dxe4 13. Nd2 f5 14. 0-0 Nd7 15. Rac1 Nf6 16. f3 Nd5 17. fxe4 Nxc3 18. Qxc3 fxe4 19. Rf4 Qg5 20. Nxe4 Qg6 21. Ng3 Be6 22. e4 Rf8 23. Rcf1 Rxf4 24. Rxf4 Qg5 25. Rf1 Rd8 26. b3 h5 27. Ne2 h4 28. Nf4 Bc8 29. Qc4+ Kh7 30. Qc5 Qxc5 31. dxc5 Rd2 32. e5 g5 33. Nh3 Bxh3 34. gxh3 Re2 35. Rf7+ Kg6 36. Rxb7 Rxe5 37. b4 a5 38. bxa5 Rxc5 39. a6 Ra5 40. Rb6 Rxa2 41. Rxc6+ Kf5 42. Rc5+ Kf4 43. Rc4+ Ke3 44. Rc3+ Kd4 45. Rc6 Ke4 46. Re6+ Kf5 47. Rc6 Ra5 48. Kf2 Ke4 49. Re6+ Kf5 50. Rb6 Ra2+ 51. Ke3 Ra3+ 52. Kd4 Rxh3 53. Rb5+ Kf4 54. Ra5 Rxh2 55. Kd3 Rh3+ 56. Kd2 Rh2+ 57. Ke1 Rc2 58. a7 Rc1+ 59. Ke2 Rc2+ 60. Ke1 Rc1+ 61. Ke2 Rc2+ 62. Ke1 Rc1+ 63. Ke2 1/2-1/2